000
00303nam a2200121Ia 4500
008
220204s9999 xx 000 0 und d
082
_a
631/635
_b
ADV.35
245
0
_a
Advances in agronomy. V 35
260
_a
New York
_b
Academic
_c
1982
650
_a
Phosphorus sludge
650
_a
Rhizotron
942
_c
BK
999
_c
37143
_d
37143